000 01023nam a22003137a 4500
003 CHAP
005 20220329134748.0
008 971013s1971 r 00010 d
010 _a25467
011 _a26439
035 _a30540
040 _cCHAP
090 _aFolleto 3174
100 0 0 _aBucio E., Luis.
_915890
245 _aImpedancia de entrada y salida de instrumentos y aparatos electrónicos
260 _aMéxico, D. F. :
_bARMO,
_c1971
300 _a18 p.
_b: ilus.
490 _aColección mediciones eléctricas básicas
_v; 7
590 _aBATCH-UPD
_b10
_c20130110
_lUCH01
_h0154
590 _aBATCH-UPD
_b10
_c20130110
_lUCH01
_h1146
590 _aBATCH-UPD
_b10
_c20130410
_lUCH01
_h0731
590 _aBATCH-UPD
_b10
_c20130914
_lUCH01
_h0754
590 _aCONVERSION
_b10
_c20130109
_lUCH01
_h1315
650 1 4 _aImpedancia eléctrica.
_957470
830 0 _aColección mediciones eléctricas básicas
_v; 7
_924922
901 _aBK
942 _cFOLL
949 _aFolleto 3174
_bBC
_cFOLL
_d-70840
_eTS1
_i30540
_si
999 _c25467
_d25467